[Event "Titled Tuesday intern op 16th Apr Early"]
[Site "Chess.com INT"]
[Date "2024.04.16"]
[Round "7"]
[White "Hoffmann, Asa"]
[Black "Fernandez Hernandez, Gerardo"]
[Result "0-1"]
[WhiteElo "2185"]
[BlackElo "2161"]
[PlyCount "66"]
[EventDate "2024.04.16"]
[EventType "swiss (blitz)"]
[EventRounds "11"]
[EventCountry "USA"]
[SourceTitle "CB17_2024"]
[SourceDate "2024.04.24"]
[SourceVersion "1"]
[SourceVersionDate "2024.04.24"]
[SourceQuality "1"]

1. d4 Nf6 2. Bg5 e6 3. Nd2 d5 4. e3 Bd6 5. Bd3 0-0 6. f4 c5 7. c3 Nbd7 8. Ngf3 b6 9. Ne5 Qc7 10. 0-0 Bb7 11. Qf3 g6 12. Qh3 Ne4 13. Bxe4 dxe4 14. Bh6 Rfe8 15. Qh4 Qd8 16. Bg5 f6 17. Ng4 fxg5 18. fxg5 Rf8 19. Rxf8+ Bxf8 20. Nh6+ Bxh6 21. Qxh6 Qe7 22. Rf1 Rf8 23. Qh4 Rxf1+ 24. Kxf1 cxd4 25. cxd4 e5 26. Nxe4 exd4 27. Nf6+ Nxf6 28. gxf6 Ba6+ 29. Ke1 Qxe3+ 30. Kd1 Be2+ 31. Ke1 Bf3+ 32. Kf1 Qe2+ 33. Kg1 Qxg2# 0-1

[Event "Titled Tuesday intern op 02nd Apr Early"]
[Site "Chess.com INT"]
[Date "2024.04.02"]
[Round "9"]
[White "Hernando Rodrigo, Julio Antonio"]
[Black "Hoffmann, Asa"]
[Result "0-1"]
[WhiteElo "2229"]
[BlackElo "2185"]
[PlyCount "76"]
[EventDate "2024.04.02"]
[EventType "swiss (blitz)"]
[EventRounds "11"]
[EventCountry "USA"]
[SourceTitle "CB15_2024"]
[SourceDate "2024.04.10"]
[SourceVersion "1"]
[SourceVersionDate "2024.04.10"]
[SourceQuality "1"]

1. d4 Nf6 2. c4 c5 3. d5 e5 4. Nc3 d6 5. e4 Be7 6. g3 0-0 7. Bg2 Na6 8. Nge2 Ne8 9. 0-0 Bd7 10. a3 Nec7 11. Rb1 b5 12. cxb5 Nxb5 13. Nxb5 Bxb5 14. Re1 Bxe2 15. Qxe2 Nc7 16. Bd2 Qd7 17. Bc3 Nb5 18. Bf1 Nd4 19. Bxd4 cxd4 20. Rec1 Bd8 21. Rc6 Bb6 22. Qa6 g6 23. b4 f5 24. exf5 Qxf5 25. Rb2 e4 26. Rxb6 axb6 27. Qxb6 d3 28. Ra2 Qxd5 29. Ra1 Qe5 30. Ra2 d5 31. Bg2 Rf6 32. Qc5 Raf8 33. b5 Qe6 34. Rb2 Rc8 35. Qe3 Rc2 36. Rxc2 dxc2 37. Qc3 Qb6 38. a4 Qxf2+ 0-1

[Event "Titled Tuesday intern op 02nd Apr Late"]
[Site "Chess.com INT"]
[Date "2024.04.02"]
[Round "8"]
[White "Hoffmann, Asa"]
[Black "Liu, Zachary Hankun"]
[Result "0-1"]
[WhiteElo "2185"]
[BlackElo "1910"]
[PlyCount "136"]
[EventDate "2024.04.02"]
[EventType "swiss (blitz)"]
[EventRounds "11"]
[EventCountry "USA"]
[SourceTitle "CB15_2024"]
[SourceDate "2024.04.10"]
[SourceVersion "1"]
[SourceVersionDate "2024.04.10"]
[SourceQuality "1"]

1. d4 Nf6 2. Bg5 e6 3. Nd2 h6 4. Bh4 Be7 5. e3 d5 6. Bd3 c5 7. c3 Qb6 8. Rb1 Nc6 9. f4 Bd7 10. Ngf3 0-0-0 11. Ne5 Rdf8 12. 0-0 Rhg8 13. Bf2 g5 14. fxg5 hxg5 15. Bg3 Rh8 16. a3 Be8 17. b4 c4 18. Bc2 Nh5 19. Bf2 Nxe5 20. dxe5 f6 21. e4 Qc7 22. Nf3 Bc6 23. Nd4 Qxe5 24. Nxc6 bxc6 25. Bd4 Qc7 26. Qe2 Bd6 27. h3 Bh2+ 28. Kf2 Ng3 29. Qf3 Nxf1 30. Rxf1 g4 31. hxg4 Be5 32. Bc5 Rfg8 33. exd5 cxd5 34. a4 Qg7 35. Bd1 Qh6 36. Bxa7 Qd2+ 37. Be2 Qxc3 38. Qxc3 Bxc3 39. b5 e5 40. Rc1 Bd4+ 41. Bxd4 exd4 42. Bf3 Rd8 43. a5 Kb7 44. b6 Ka6 45. Rb1 Kxa5 46. Ke2 Ka6 47. b7 Ka7 48. Rb5 Rhe8+ 49. Kd2 d3 50. Bxd5 Re2+ 51. Kc3 Rc2+ 52. Kd4 Kb8 53. Rb1 d2 54. Rd1 c3 55. Kd3 Rc1 56. Rxd2 cxd2 57. Kxd2 Rc7 58. Ke3 Rxd5 59. Kf4 Rg5 60. g3 Rcg7 61. Ke4 Kxb7 62. Kf4 Rxg4+ 63. Kf5 R7g6 64. Ke6 Rxg3 65. Kf7 f5 66. Kf8 f4 67. Kf7 f3 68. Kf8 f2 0-1

[Event "Titled Tuesday intern op 12th Mar Late"]
[Site "Chess.com INT"]
[Date "2024.03.12"]
[Round "1"]
[White "Hoffmann, Asa"]
[Black "Nigalidze, Gaioz"]
[Result "0-1"]
[WhiteElo "2185"]
[BlackElo "2373"]
[PlyCount "122"]
[EventDate "2024.03.12"]
[EventType "swiss (blitz)"]
[EventRounds "11"]
[EventCountry "USA"]
[SourceTitle "CB12_2024"]
[SourceDate "2023.10.01"]
[SourceVersion "1"]
[SourceVersionDate "2023.10.01"]
[SourceQuality "1"]

1. d4 Nf6 2. Bg5 Ne4 3. Bf4 d5 4. f3 Nf6 5. e4 dxe4 6. Nc3 exf3 7. Nxf3 e6 8. Bc4 Bd6 9. Bg5 Nbd7 10. Qe2 0-0 11. 0-0-0 a6 12. Ne5 Nb6 13. Bb3 Be7 14. Rhf1 Nfd5 15. Bd2 Nxc3 16. Bxc3 Nd5 17. Bd2 Bg5 18. c4 Bxd2+ 19. Rxd2 Nf6 20. d5 exd5 21. cxd5 Qd6 22. Nc4 Qc5 23. Kb1 Bg4 24. Qd3 Bh5 25. Ne3 Bg6 26. Nf5 Rfe8 27. Bc2 Rad8 28. Qb3 Rxd5 29. Rxd5 Qxd5 30. Qxd5 Nxd5 31. Nd4 Bxc2+ 32. Nxc2 Re2 33. Rd1 c6 34. Nd4 Rxg2 35. Nf5 g6 36. Nd6 Rxh2 37. Nxb7 h5 38. Nd8 Ne3 39. Re1 Nc4 40. Nxc6 Rxb2+ 41. Ka1 Rg2 42. Ne7+ Kg7 43. Nd5 h4 44. Nf4 Rf2 45. Nd3 Rd2 46. Nf4 g5 47. Rg1 f6 48. Nh3 Kh6 49. Rh1 Kh5 50. Rg1 g4 51. Nf4+ Kg5 52. Ne6+ Kf5 53. Ng7+ Ke5 54. Nh5 g3 55. a4 g2 56. Re1+ Kf5 57. Ng7+ Kg4 58. Ne6 h3 59. Nc5 h2 60. Ne4 g1Q 61. Nxd2 Qxe1+ 0-1

[Event "Titled Tuesday intern op 13th Feb Late"]
[Site "Chess.com INT"]
[Date "2024.02.13"]
[Round "4"]
[White "Hoffmann, Asa"]
[Black "Nigalidze, Gaioz"]
[Result "1/2-1/2"]
[WhiteElo "2185"]
[BlackElo "2373"]
[PlyCount "112"]
[EventDate "2024.02.13"]
[EventType "swiss (blitz)"]
[EventRounds "11"]
[EventCountry "USA"]
[SourceTitle "CB08_2024"]
[SourceDate "2024.02.21"]
[SourceVersion "1"]
[SourceVersionDate "2024.02.21"]
[SourceQuality "1"]

1. d4 Nf6 2. Bg5 e6 3. Nd2 h6 4. Bh4 d5 5. e3 Be7 6. Bd3 b6 7. f4 Bb7 8. Ngf3 Ne4 9. Bxe7 Qxe7 10. Bxe4 dxe4 11. Ne5 Nd7 12. 0-0 Nxe5 13. fxe5 Qg5 14. Rf4 0-0-0 15. Nxe4 Qg6 16. Rg4 Qh7 17. Nf2 h5 18. Rf4 g5 19. Rf6 g4 20. Qd3 Qg7 21. Rf1 g3 22. hxg3 h4 23. g4 h3 24. e4 hxg2 25. Kxg2 Rdg8 26. Qf3 Rh4 27. Rh1 Rxh1 28. Kxh1 Rh8+ 29. Kg2 Qh7 30. Kf1 Ba6+ 31. Ke1 Qh2 32. Kd2 Qg1 33. b3 Rh2 34. c4 Qa1 35. Ke3 Qc3+ 36. Kf4 Qxd4 37. Kg3 Rh7 38. Rxf7 Qxe5+ 39. Qf4 Qc3+ 40. Qf3 Qe5+ 41. Qf4 Qc3+ 42. Kg2 Rxf7 43. Qxf7 Qe5 44. Qf3 Bb7 45. Qg3 Bxe4+ 46. Nxe4 Qxe4+ 47. Qf3 Qc2+ 48. Kg3 Kd7 49. g5 Qg6 50. Kg4 Ke7 51. Qf4 Kd7 52. Qf6 Qe4+ 53. Kh5 Qh7+ 54. Kg4 Qe4+ 55. Kg3 Qe3+ 56. Kg4 Qe4+ 1/2-1/2

[Event "Titled Tuesday intern op 19th Dec Early"]
[Site "Chess.com INT"]
[Date "2023.12.19"]
[Round "5"]
[White "Bettalli, Francesco"]
[Black "Hoffmann, Asa"]
[Result "1-0"]
[WhiteElo "2260"]
[BlackElo "2185"]
[PlyCount "61"]
[EventDate "2023.12.19"]
[EventType "swiss (blitz)"]
[EventRounds "11"]
[EventCountry "USA"]
[SourceTitle "CB52_2023"]
[SourceDate "2023.12.27"]
[SourceVersion "1"]
[SourceVersionDate "2023.12.27"]
[SourceQuality "1"]

1. d4 Nf6 2. Nc3 d6 3. e4 c6 4. h3 Nbd7 5. g4 e5 6. Be3 Be7 7. Nge2 b5 8. Ng3 b4 9. Nce2 Nb6 10. b3 g6 11. Bg2 0-0 12. 0-0 Ba6 13. a3 bxa3 14. Rxa3 Bxe2 15. Qxe2 d5 16. dxe5 Bxa3 17. Nf5 gxf5 18. gxf5 Nxe4 19. Bh6 Kh8 20. Qh5 Rg8 21. Kh1 Qe7 22. Bf4 Bb2 23. f6 Qe6 24. Bf3 Rg6 25. Bg4 Rxg4 26. hxg4 Rg8 27. f3 Nc5 28. Kg2 Nbd7 29. Qxh7+ Kxh7 30. Rh1+ Kg6 31. Rh6# 1-0